Návrh systému zberu a spracovania dát pre zefektívnenie vybraných procesov v spoločnosti IKEA Industry Slovakia s. r. o.

Gespeichert in:
Bibliographische Detailangaben
1. Verfasser: Fábiková, Gabriela (Verfasst von)
Weitere Verfasser: Szabó, Peter (Betreuung Doktorarbeit)
Format: Manuskript Buch
Sprache:Slowakisch
Veröffentlicht: 2020
Schlagworte:
Online-Zugang:http://is.stuba.sk/zp/portal_zp.pl?podrobnosti=151283
Tags: Tag hinzufügen
Keine Tags, Fügen Sie das erste Tag hinzu!

MARC

LEADER 00000ntm a22000003a 4500
001 stuzp78969
003 SK-STU
005 20200704212419.1
007 ta
008 150427s2015----xo-----f-mn---000-0-slo-d
040 |a STU  |b slo 
041 0 |a slo 
100 1 |a Fábiková, Gabriela  |u 064000  |4 aut  |U MTF Materiálovotechnologická fakulta  |T MTF Ústav priemyselného inžinierstva a manažmentu  |X 98981  |U M4000  |Y 84  |7 98981 
242 0 1 |a Design of a data collection and processing system for streamlining selected processes in IKEA Industry Slovakia, s. r. o.  |y eng 
245 1 0 |a Návrh systému zberu a spracovania dát pre zefektívnenie vybraných procesov v spoločnosti IKEA Industry Slovakia s. r. o. 
260 |c 2020 
650 4 |a Cloud computing  |2 slo 
650 4 |a Tecnomatix Plant Simulation  |2 slo 
650 4 |a Industry 4.0  |2 slo 
650 4 |a IoT  |2 slo 
650 4 |a Big data  |2 slo 
650 4 |a dáta  |2 slo 
650 4 |a Tecnomatix Plant Simulation  |2 eng 
650 4 |a data  |2 eng 
650 4 |a Big data  |2 eng 
650 4 |a IoT  |2 eng 
650 4 |a Cloud computing  |2 eng 
650 4 |a Industry 4.0  |2 eng 
700 1 |a Szabó, Peter  |u 064000  |k Z1  |4 ths  |U MTF Materiálovotechnologická fakulta  |T MTF Ústav priemyselného inžinierstva a manažmentu  |X 19244  |U M4000  |Y 84  |7 A000019244 
856 4 |u http://is.stuba.sk/zp/portal_zp.pl?podrobnosti=151283 
996 |c M* DP-14198  |l MMSKP  |s P  |a 0  |w stuzp78969_0001